00796cam a2200241 a 45000010009000000050017000090080041000260100017000670200015000840350023000990400028001220410008001500420014001580430012001720800016001840820020002001000007002201010008002272450093002352460102003282460070004305040054005001240193120180115094039.0010508s2000 vaua bs 000 0 eng d a 2001316943 a1892123142 a(OCoLC)ocm45062567 aDOJcDOJdGULdNGUdDLC aeng alccopycat an-us--- a317.3 RAY00a317.3 RAY2211 a21 aPOL10aU.S. by the numbers :cRaymond J. Keating and Thomas N. Edmonds ; foreword by Jack Kemp.3 aUnited States by the numbers : figuring what's left, right, and wrong with America state by state3 aFiguring what's left, right and wrong with America state by state aIncludes bibliographical references (p. 939-945).